000 00689nam a22002417a 4500
003 OSt
005 20220107122755.0
008 130827b xxu||||| |||| 00| 0 eng d
020 _a9781584885085
040 _cIIITM-K
082 _a005.82 STI/C;2
100 _aStinson, Douglas R
_92158
245 _aCryptography:
_bTheory and practice
_cby Douglas R Stinson
250 _a3rd edition.
260 _aBoca Raton,
_bCRC Press,
_c2006.
300 _a593p.
440 _aDiscrete mathematics and its applications
_99075
650 _aCOMPUTER SCIENCE
_92159
650 _aNETWORK SECURITY
_92160
650 _aSYSTEM SECURITY
_95843
650 _aCRYPTOGRAPHY
_92161
942 _2ddc
_cBK
999 _c4474
_d4474